The control of imports and foreign capital in Japan
Uloženo v:
| Hlavní autor: | |
|---|---|
| Médium: | Kniha |
| Jazyk: | Undetermined |
| Vydáno: |
New York
Praeger Publishers
1972
|
| Témata: | |
| Tagy: |
Přidat tag
Žádné tagy, Buďte první, kdo otaguje tento záznam!
|
| Thư viện lưu trữ: | Trung tâm Học liệu Trường Đại học Cần Thơ |
|---|
| LEADER | 00546nam a2200193Ia 4500 | ||
|---|---|---|---|
| 001 | CTU_79887 | ||
| 008 | 210402s9999 xx 000 0 und d | ||
| 082 | |a 382 | ||
| 082 | |b O.99 | ||
| 100 | |a Ozaki, Robert S. | ||
| 245 | 4 | |a The control of imports and foreign capital in Japan | |
| 245 | 0 | |c Robert S. Ozaki | |
| 260 | |a New York | ||
| 260 | |b Praeger Publishers | ||
| 260 | |c 1972 | ||
| 650 | |a Import quotas,Foreign trade regulation | ||
| 650 | |z Japan | ||
| 904 | |i Trọng Hải | ||
| 980 | |a Trung tâm Học liệu Trường Đại học Cần Thơ | ||